| 000 | 00562nam a2200169 a 4500 | ||
|---|---|---|---|
| 001 | 000035041 | ||
| 005 | 20200930074051.0 | ||
| 008 | 111024s1974 sp a 000 0 spa d | ||
| 020 | _a8428102783 | ||
| 040 |
_aDO-SdBNP _bspa _cBNPHU |
||
| 082 |
_axxxx _bxxxx |
||
| 100 | 1 |
_aComes, Prudenci _960674 |
|
| 245 | 1 | 0 |
_aTécnicas de expresión - I : _bguía para la redacción y presentación de trabajos científicos, informes técnicos y tesinas / _cPrudenci Comes. |
| 250 | _a2a ed. | ||
| 260 |
_aBarcelona, : _bOikos-tau, _c1974. |
||
| 300 |
_a269 p. : _bil. ; _c19 cm. |
||
| 999 |
_c34532 _d34532 |
||